History Quiz

Random History Quiz

The Rise of Jacksonian Democracy Quiz Stats

 Plays Quiz not verified by Sporcle

Challenge
Share
Tweet
Embed
Score 0/21 Timer 05:00
0 Plays Today
Hint Answer % Correct
What famous battle catapulted Jackson to fame and reputation among the American people? Battle of New Orleans
88%
Who was Andrew Jackson’s handpicked successor? Martin Van Buren
76%
What state was Andrew Jackson born in?South Carolina
72%
What was the name of the system that offered political positions to those who worked for the winning party?Spoils System
72%
Which political party was founded in 1832 by Henry Clay in opposition towards the policies of Jackson?Whig Party
72%
Which tariff angered southerners and caused South Carolina to begin the nullification crisis? Tariff of 1828
68%
Which important Act signed into law by Andrew Jackson in 1830 called for the relocation of all Native Americans east of the Mississippi to designated western territories? Indian Removal Act
64%
What was the name of Jackson's wife?Rachel Jackson
60%
What was the name for Jackson's trusted advisors that were sometimes referred to as the 'good ole boys'Kitchen Cabinet
56%
Who represented South Carolina in a debate with Daniel Webster over the Northern disloyalty during the War of 1812?Robert Hayne
52%
What even resulted from overspeculation of western lands, infrastructure, slaves, and Jackson's bank war?Panic of 1837
52%
Hint Answer % Correct
Who were believed to have negotiated the infamous deal commonly known as the “corrupt bargain”? Henry Clay and John Quincy Adams
48%
Who was the prominent husband of the woman that began the Peggy Eaton affair by calling all Washington socialites to reject the wife of the Secretary of War, John Eaton? John C. Calhoun
48%
Who was the second president of the Bank of the United States that incidentally caused a panic named after him? Nicholas Biddle
48%
Which literary movement that stressed deism, perfectionism, and individualism emerged with such authors as Emerson and Thoreau? Transcendentalism
44%
Who pioneered the concept of 'interchangeable parts'?Eli Whitney
32%
Daniel Webster once said, “Liberty and Union, now and forever, one and _____________Inseparable
28%
What was the first third party in United States history, founded against the influence of secret and elite societies? Anti-Masonic Party
20%
What was the term used to call Americans who viewed the new immigrants as threats and expressed anti-foreign sentiments?Nativists
12%
What were low wage textile and factory workers who were forced to endure horrific conditions called?Wage Slaves
8%
Which prominent 1819 Marshall Court decision was carried out when Maryland tried to tax the Bank of the US? McColluch v. Maryland
4%

You're not logged in!

Compare scores with friends on all Sporcle quizzes.
Join for Free
OR
Log In

You Might Also Like...

Show Comments

Extras

Created Oct 26, 2011ReportFavoriteNominate
Tags:democracy, rise

Top Quizzes Today


Score Distribution

Your Account Isn't Verified!

In order to create a playlist on Sporcle, you need to verify the email address you used during registration. Go to your Sporcle Settings to finish the process.

Report this User

Report this user for behavior that violates our Community Guidelines.

Details: